Introducción al derecho penal

Збережено в:
Бібліографічні деталі
Автор: Bustos Ramírez, Juan (Автор)
Формат: Книга
Мова:Іспанська
Опубліковано: Bogotá Temis 2005
Редагування:3a. ed
Предмети:
Теги: Додати тег
Немає тегів, Будьте першим, хто поставить тег для цього запису!

MARC

LEADER 00000nam a2200000 a 4500
001 UCK8838
003 CL-VaPUC
008 060407e20050000CK |||||||||||||||||spa|d
020 |a 9583505358 
082 0 4 |a 345  |b BUS  |2 21 
100 |a Bustos Ramírez, Juan  |e author  |9 295262 
245 1 0 |a Introducción al derecho penal 
250 |a 3a. ed 
300 |a 287 p 
942 |c BK 
945 |d 20060407 00:00:00  |a cmena 
260 |a Bogotá  |b Temis  |c 2005 
650 7 |a DERECHO PENAL  |2 CL-VaPUC  |9 11 
650 0 |a Filosofía del derecho   |9 255050 
650 0 |a Delitos  |9 224143 
650 0 |a Teoría del derecho  |9 255982 
583 |a last modification  |c 20060407 00:00:00  |k Rodrigo Vera 
999 |c 316241  |d 316239 
952 |0 0  |1 0  |4 0  |6 345_000000000000000_BUS_2005  |7 0  |8 A  |9 390451  |a BIBDER  |b BIBDER  |d 2019-11-22  |i 4221036  |l 9  |m 1  |o 345 BUS 2005  |p 4221036  |r 2025-04-11  |s 2025-04-04  |w 2019-11-22  |y BK  |k DER